| 000 | 00901nam a22002535a 4500 | ||
|---|---|---|---|
| 001 | 15180117 | ||
| 005 | 20080213174525.0 | ||
| 008 | 080213s2008 nyu 000 0 eng | ||
| 010 | _a 2008923040 | ||
| 020 | _a9780387473130 (hardback : alk. paper) | ||
| 020 | _a9780387473147 (ebook : alk. paper) | ||
| 040 |
_aDLC _cDLC |
||
| 082 |
_222 _a621.317 _bBAL |
||
| 100 | 1 |
_aBaliga, B. Jayant. _93766 |
|
| 245 | 1 | 0 |
_aFundamentals of power semiconductor devices / _cB. Jayant Baliga. |
| 260 |
_aNew York : _bSpringer, _cc2008. |
||
| 263 | _a0807 | ||
| 300 |
_axxiii, 1069p. _bill.; _c24 cm. |
||
| 504 | _aIncludes bibliographical references and index. | ||
| 650 | 0 |
_aPower semiconductors. _93767 |
|
| 942 |
_2ddc _cBB |
||
| 999 |
_c11318 _d11318 |
||